| 000 | 00559cam a2200169 a 4500 | ||
|---|---|---|---|
| 005 | 20250901165603.0 | ||
| 008 | 030109s2003 nyua f 001 0 eng d | ||
| 010 | _a 2003268104 | ||
| 020 | _a0028009150 | ||
| 050 | 0 | 0 |
_aHV8138 .C493 2003 _b.C493 2003 |
| 082 | 0 | 0 |
_a363.2/0973 _221 |
| 100 | 1 | _aChampion, Darl H. | |
| 245 | 1 | 0 |
_aIntroduction to American policing / _cDarl H. Champion Sr., Michael K. Hooper. |
| 260 |
_aNew York : _bGlencoe McGraw-Hill, _cc2003 |
||
| 300 |
_axxxiii, 653 p. : _bill.; _c26 cm. |
||
| 942 |
_2lcc _hHV8138 .C493 2003 |
||
| 999 |
_c6278 _d6278 |
||